000 00344nam a22001457a 4500
008 210531b ||||| |||| 00| 0 eng d
020 _a9780131505087
041 _aeng
080 _23rd
_a311
082 _a311
100 _a55
101 _aSTA
245 _aStatistics for the Behavioral and Social Science
_cArthur Aron
942 _2udc
_cBK
999 _c57874
_d57874